000 00362nam a22001577a 4500
003 SGT
020 _a9788180388446
082 _a346.30954,SIN
100 _a SINGH, AVTAR
245 _aINTRODUCTION TO THE LAW OF TORTS AND CONSUMER
250 _a3RD
260 _aGURGAON
_bLEXIS NEXIS
_c2013
300 _a363
650 _a LAW OF TORTS
942 _2ddc
_cBK
_06
999 _c9576
_d9576